000 01262cam a2200289 a 4500
001 3071628
005 20040706103517.0
008 970808s1998 nyu 001 0 eng
010 _a 97029337
020 _a0471178772 (cloth : alk. paper)
040 _aDLC
_cDLC
_dDLC
050 0 0 _aTL671.6
_b.S82 1998
082 0 0 _a629.13431
_222
_bSUN
100 1 _aSun, C. T.
_q(Chin-Teh),
_d1939-
_96529
245 1 0 _aMechanics of aircraft structures /
_cC.T. Sun.
260 _aNew York :
_bJohn Wiley,
_cc1998.
300 _axii, 255 p. ;
_c24 cm.
500 _aIncludes index.
650 0 _aAirframes.
_96530
650 0 _aFracture mechanics.
_96531
856 4 2 _3Contributor biographical information
_uhttp://www.loc.gov/catdir/bios/wiley047/97029337.html
856 4 2 _3Publisher description
_uhttp://www.loc.gov/catdir/description/wiley032/97029337.html
856 4 _3Table of Contents
_uhttp://www.loc.gov/catdir/toc/onix02/97029337.html
942 _2ddc
_cBB
999 _c11919
_d11919